2012 Republican Presidential Candidates - Statistics

General Stats
  • This quiz has been taken 6,597 times
    6,584 since last reset
  • The average score is 6 of 10
Answer Stats
Home State Candidate % Correct
Massachusetts Mitt Romney
98%
Texas Ron Paul
75%
Pennsylvania Rick Santorum
70%
Georgia Newt Gingrich
67%
Texas Rick Perry
64%
Minnesota Michele Bachmann
57%
Georgia Herman Cain
48%
Utah Jon Huntsman
36%
Minnesota Tim Pawlenty
23%
New Mexico Gary Johnson
20%
No matching quizzes found
Score Distribution
Percent of People with Each Score
Percentile by Number Answered
Your Score History
You have not taken this quiz since the last reset